000 00605nam a22002417a 4500
003 UA-OsUOA
001 21251
007 ta
008 20031125b un ||||| |||| 00| 0 ukr d
090 _a330.8(477)
_bУ45
942 _cBK
040 _aUA-OsUOA
_bukr
_cUA-OsUOA
_dUA-OsUOA
245 _aУкраїнська економічна думка
_bХрестоматія
_cС.М.Злупко
300 _a448 с.
955 _a0
041 _aukr
080 _a330.8(477)
020 _a5-7707-9440-2
260 _aКиїв
_bЗнання
_c1998
044 _aUA
650 7 _2UDC
999 _c307444
_d307444